|
|
|
|
| LEADER |
00000cam a2200000 4500 |
| 001 |
vtls012244447 |
| 003 |
SK-MaSNL |
| 005 |
20260302012400.0 |
| 008 |
231122s2017 xr ho f n 001 0 cze |
| 020 |
|
|
|a 9788088103271
|q (viazané)
|
| 040 |
|
|
|a SNK
|b slo
|c SNK
|e rda
|
| 041 |
0 |
|
|a cze
|
| 043 |
|
|
|a e-xr---
|
| 044 |
|
|
|a xr
|c CZ
|
| 072 |
|
7 |
|a 093
|x Prvotlače
|2 konspekt
|
| 080 |
|
|
|a 026/027
|2 2011
|
| 080 |
|
|
|a 026.021:93/94
|2 2011
|
| 080 |
|
|
|a 025.171
|2 2011
|
| 080 |
|
|
|a 093
|2 2011
|
| 080 |
|
|
|a 094.1
|2 2011
|
| 080 |
|
|
|a (437.323)
|2 2011
|
| 080 |
|
|
|a (048.8)
|2 2011
|
| 080 |
|
|
|a (083.82)
|2 2011
|
| 100 |
1 |
|
|a Myšák, Miroslav,
|d 1982-
|4 aut
|9 545193
|
| 245 |
1 |
0 |
|a Kroměřížská zámecká knihovna
|n I
|p Prvotisky
|c texty: Miroslav Myšák
|
| 250 |
|
|
|a Vydání první
|
| 264 |
|
1 |
|a Olomouc
|b Muzeum umění
|c [2017]
|
| 264 |
|
4 |
|c ©2017
|
| 300 |
|
|
|a 183 strán
|b faksimile, fotografie
|c 32 cm
|
| 336 |
|
|
|a text
|b txt
|2 rdacontent
|
| 336 |
|
|
|a statický obraz
|b sti
|2 rdacontent
|
| 337 |
|
|
|a bez média
|b n
|2 rdamedia
|
| 338 |
|
|
|a zväzok
|b nc
|2 rdacarrier
|
| 366 |
|
|
|e 350 kusov
|
| 490 |
1 |
|
|a Sbírky Arcibiskupství olomouckého
|
| 504 |
|
|
|a Obsahuje bibliografie, bibliografické odkazy a registre
|
| 610 |
2 |
7 |
|a Kroměříž (Česko : zámok).
|b Historická knihovna
|2 SNKKA
|9 545194
|
| 648 |
|
7 |
|a 15.-16. storočie
|2 SNKPH
|9 300961
|
| 650 |
0 |
7 |
|a zámocké knižnice
|2 SNKPH
|9 236496
|
| 650 |
0 |
7 |
|a knižnice
|2 SNKPH
|9 17965
|
| 650 |
0 |
7 |
|a Libraries
|2 SNKPHeng
|9 266251
|
| 650 |
0 |
7 |
|a historické knižnice
|2 SNKPH
|9 59776
|
| 650 |
0 |
7 |
|a Historical libraries
|2 SNKPHeng
|9 306409
|
| 650 |
0 |
7 |
|a Historical book collections
|2 SNKPHeng
|9 326656
|
| 650 |
0 |
7 |
|a historické knižné fondy
|2 SNKPH
|9 71548
|
| 650 |
0 |
7 |
|a prvotlače
|2 SNKPH
|9 70449
|
| 650 |
0 |
7 |
|a Incunabula
|2 SNKPHeng
|9 298506
|
| 650 |
0 |
7 |
|a paleotypy
|2 SNKPH
|9 62908
|
| 650 |
0 |
7 |
|a Paleotypes
|2 SNKPHeng
|9 545196
|
| 651 |
|
7 |
|a Kroměříž (Česko)
|2 SNKPHgeo
|9 201710
|
| 651 |
|
7 |
|a Kroměříž (Czechia)
|2 SNKPHeng
|9 545197
|
| 655 |
|
7 |
|a monografie
|2 SNKPH
|9 70139
|
| 655 |
|
7 |
|a Monographs
|2 SNKPHeng
|9 120675
|
| 655 |
|
7 |
|a katalógy
|2 SNKPH
|9 60821
|
| 655 |
|
7 |
|a Catalogs
|2 SNKPHeng
|9 266059
|
| 830 |
|
0 |
|a Sbírky Arcibiskupství olomouckého
|9 545198
|
| 852 |
|
|
|a Slovenská národná knižnica
|
| 919 |
|
|
|a 978-80-88103-27-1
|
| 954 |
|
|
|a odborná, vedecká literatúra cudzojazyčná (svetová)
|2 lita
|
| 958 |
|
|
|a NB
|
| 999 |
|
|
|c 1009324
|d 1011254
|
| 952 |
|
|
|t 093/MYŠ 1
|a SNK
|b SNK
|c SNK_STHKF
|y PREZ
|7 0
|p 17A1539374
|o snkIB 74214/1
|i snk2023/16937
|8 2
|g 15.00
|0 0
|1 0
|4 0
|d 2023-11-22
|l 0
|r 2026-02-24 12:47:35
|w 2026-02-24
|